1224 1566 1115 1836 1941 1711 1191 1229 1073 1383 1156 1899 1173 1502 1500 1711 1981 1805 1459 1759 1702 1936 1496 1890 1100 1180 1055 1194 1224 1911 1692 1448 1898 1768 1893 1757 1997 1488 1857 1061 1651 1214 1320 1934 1105 1269 1466 1469 1970 1721 1763 1457 1170 1250 1322 1985 1554 1678 1607 1419 1457 1509 1405 1287 1213 1236 1487 1735 1637 1684 1298 1932 1867 1726 1222 1185 1832 1603 1672 1611 1899 1861 1540 1042 1582 1135 1395 1731 1677 1736 1600 1578 1615 1669 1071 1171 1126 1356 1629 BCNSPRNW ULIB Ver.6.0+V

เปลี่ยนเป็นภาษาไทย

Change to English
 แสดงรายละเอียดบรรณานุกรม
  กลับหน้าหลัก

Brief Record : Get Marc (ISO 2709) : E-mail record : QR code < ปิดหน้าต่าง
LEADER : 00000nam 2200000uu 4500
001    13399123050
003     ULIB
008    131128s2555||||th 000 0 tha d
020    ^a9786162143038
090    ^aนว.^bพ187พ ล.47
100 0  ^aพนมเทียน
245 10 ^aเพชรพระอุมา: มงกุฎไพร เล่ม 3/^cพนมเทียน
250    ^aพิมพ์รวมเล่มครั้งที่ 6
260    ^aกรุงเทพฯ :^bณ บ้านวรรณกรรม,^c2555
300    ^a328 หน้า
505 00 ^a^gล.1-4^tไพรมหากาฬ --^gล.5-8^tดงมรณะ -- ^gล.9-12^tจอมผีดิบมันตรัย -- ^gล.13-16^tอาถรรพณ์นิทรานคร -- ^gล.17-20^tป่าโลกล้านปี -- ^gล.21-24^tแงซายจอมจักรา -- ^gล.25-28^tจอมพราน -- ^gล.29-32^tไอ้งาดำ -- ^gล.33-36^tจิตรางคนางค์-- ^gล.37-40^tนาคเทวี -- ^gล.41-44^tแด่ปางบรรพ์ -- ^gล.45-48^tมงกุฎไพร
650  4 ^aนวนิยายไทย
945    ^p225^l0^i034251
999    ทศพร
รายการนี้ยังไม่มีแท็ก
คุณยังไม่ได้ล็อกอิน คุณสามารถมีกิจกรรมร่วมกับเว็บไซต์ได้ แต่ต้องล็อกอินก่อน ::
  ล็อกอิน

รายการสื่อสารสนเทศ

ลำดับที่ ประเภท เลขเรียก/บาร์โค้ด สถานที่ สถานะ
1. นวนิยาย
นวนิยาย
นว. พ187พ ล.47 ฉ.1 
  Barcode: 034251
ห้องสมุดวิทยาเขตสวรรค์ประชารักษ์
►นวนิยาย
บนชั้น
  ขอยืม

รายการใกล้เคียง
    ผู้แต่ง [พนมเทียน]

    หัวเรื่อง [นวนิยายไทย]

BibComment


ยังไม่เคยถูกคอมเมนท์

คอมเมนท์ทรัพยากรรายการนี้
  คอมเมนท์: เพชรพระอุมา มงกุ..


 Copyright 2026. Bcnsprnw @Library